00721nam a2200193Ia 4500001000900000003001000009008004100019040002500060041001300085100003100098245003800129250001100167260006900178300002900247500005400276501011400330520005400444650002900498L099-489IT-CnALBA170116s9999||||xx |||||||||||||| ||und|| aIT-CnALBAcIT-CnALBA aITALIANO aARISTOTILE, FILOSOFO GRECO 0aLA RETORICA DI ARISTOTILE VOL. I  a1a ed. a MILANO - BRESCIAbBETTONI NICOLÒ EDIT. c1827 [1° Ed.: n.d.] a115 p. (prefazione: 102) aTRADUZIONE DI ANNIBAL CARO. DIALETTICA. LIBRI 3.  aSocietà San Paolo EM - Piazza San Paolo, 14 - 12051 ALBA (CN) (non commercial uses only) ® Copyright 2017 aTRADUZIONE DI ANNIBAL CARO. DIALETTICA. LIBRI 3.  aLIBRI DI PICCOLO FORMATO